00589nam a2200193Ia 4500008004100000020001800041082002100059100002300080245005000103250000600153260003300159300001000192500002400202650002400226700002000250942000700270952010100277999001700378230524s9999 xx 000 0 und d a9789351361732 a320.9540905bKAL aA.P.J. Abdul Kalam 2aA Manifesto For Change A Sequel to India 2020 a1 aHaryanabHarpercollinsc2021 a255p; aQuantity Number: 1 aMiscellaneous91877 aV.Ponraj945120 cBK 00104070aTATCLbTATCLcGENd2023-05-24l0o320.9540905 KALp60744r2023-05-24w2023-05-24yBK c60744d60744